बच्चे और हम / (Record no. 119086)

MARC details
000 -LEADER
fixed length control field 01070nam a22002537a 4500
005 - DATE AND TIME OF LATEST TRANSACTION
control field 20170124103126.0
010 ## - LIBRARY OF CONGRESS CONTROL NUMBER
LC control number A-973212
020 ## - INTERNATIONAL STANDARD BOOK NUMBER
Terms of availability 00.00
International Standard Book Number 8170556449
035 ## - SYSTEM CONTROL NUMBER
System control number A-973212
037 ## - SOURCE OF ACQUISITION
Source of stock number/acquisition Cen Lib/Ret
040 ## - CATALOGING SOURCE
Original cataloging agency DPL
Language of cataloging HN
082 ## - DEWEY DECIMAL CLASSIFICATION NUMBER
Classification number 305.231
Item number बच्चेऔ
245 ## - TITLE STATEMENT
Title बच्चे और हम /
Statement of responsibility, etc संपादक राजकिशोर
246 ## - VARYING FORM OF TITLE
Title proper/short title Bachche aur ham /
Remainder of title sampadak Rajkishore
260 ## - PUBLICATION, DISTRIBUTION, ETC. (IMPRINT)
Name of publisher, distributor, etc वाणी प्रकाशन
Place of publication, distribution, etc नई दिल्ली
Date of publication, distribution, etc 1999
270 ## - ADDRESS
City नई दिल्ली
Address 21-ए, दरियागंज
Postal code 110002
300 ## - PHYSICAL DESCRIPTION
Extent 151पृ.
Dimensions 20सेमी(सजिल्द)
650 ## - SUBJECT ADDED ENTRY--TOPICAL TERM
Topical term or geographic name as entry element हिन्दी कहानियाँ
9 (RLIN) 102976
650 ## - SUBJECT ADDED ENTRY--TOPICAL TERM
Topical term or geographic name as entry element बच्चों का व्यव्हार -- माता पिता के प्रति
9 (RLIN) 83289
650 ## - SUBJECT ADDED ENTRY--TOPICAL TERM
Topical term or geographic name as entry element Hindi Stories
9 (RLIN) 102977
650 ## - SUBJECT ADDED ENTRY--TOPICAL TERM
Topical term or geographic name as entry element Children's behavior - towards parents
9 (RLIN) 83291
700 ## - ADDED ENTRY--PERSONAL NAME
Personal name राजकिशोर
9 (RLIN) 102978
942 ## - ADDED ENTRY ELEMENTS (KOHA)
Source of classification or shelving scheme Dewey Decimal Classification
Koha item type Hindi Books
Classification part 305.231
Call number suffix बच्चेऔ
Holdings
Withdrawn status Lost status Damaged status Not for loan Home library Current library Date acquired Source of acquisition Cost, normal purchase price Total Checkouts Full call number Barcode Date last seen Copy number Cost, replacement price Price effective from Koha item type
        Central Library Central Library 15/09/2015 Cen Lib/Ret 0.00   305.231 बच्चेऔ A-973212 15/09/2015 1 0.00 15/09/2015 Hindi Books

© Delhi Public Library
Hit Counter
free hit counter